[Event "C.to Provinciale TP"]
[Site "Erice ITA"]
[Date "2012.01.15"]
[Round "1"]
[White "Arini, Mario"]
[Black "Bertino, Giacomo"]
[Result "0-1"]
[WhiteElo "1567"]
[BlackElo "1995"]
[PlyCount "72"]
[EventDate "2012.01.15"]

1. Nf3 Nf6 2. g3 b5 3. Bg2 Bb7 4. O-O e6 5. d3 c5 6. b3 Be7 7. Bb2 O-O 8. e4 d6
9. Nbd2 Nbd7 10. c4 b4 11. a3 a5 12. Re1 Qc7 13. Qe2 bxa3 14. Rxa3 Rfb8 15. Nb1
Bc6 16. Nc3 Rb4 17. Qc2 Rab8 18. Rb1 Qb6 19. Nb5 Bxb5 20. Bc3 Bc6 21. Bxb4 Qxb4
22. Qb2 Ng4 23. h3 Nge5 24. Nxe5 Nxe5 25. Bf1 Bf6 26. Qa2 a4 27. Kg2 d5 28. f4
Nd7 29. cxd5 exd5 30. e5 Be7 31. Kh2 c4 32. dxc4 Qxa3 33. Qxa3 Bxa3 34. cxd5
Bxd5 35. Rd1 Bc6 36. Bc4 axb3 0-1

[Event "C.to Provinciale TP"]
[Site "Erice ITA"]
[Date "2012.01.15"]
[Round "1"]
[White "Calamia, Gianpaolo"]
[Black "Marino, Gabriele"]
[Result "1-0"]
[WhiteElo "1688"]
[BlackElo "1419"]
[PlyCount "77"]
[EventDate "2012.01.15"]

1. e4 e5 2. Nf3 Nc6 3. Bc4 h6 4. d4 Bd6 5. O-O Nf6 6. dxe5 Nxe5 7. Nxe5 Bxe5 8.
f4 Bd6 9. e5 Bc5+ 10. Kh1 Ne4 11. Qd5 Qh4 12. Qxe4 O-O 13. Be3 Bxe3 14. Qxe3
Re8 15. Qg3 Qxg3 16. hxg3 d6 17. exd6 cxd6 18. Nc3 Be6 19. Bxe6 Rxe6 20. Rfe1
Rae8 21. Rxe6 Rxe6 22. Kg1 f5 23. Kf2 g5 24. Re1 Rxe1 25. Kxe1 gxf4 26. gxf4
Kf7 27. Nd5 Ke6 28. c4 b5 29. Nc7+ Kd7 30. Nxb5 a5 31. Nd4 Kc7 32. Nxf5 h5 33.
Kd2 Kc6 34. Kd3 d5 35. Ne7+ Kd6 36. Nxd5 Kc5 37. f5 Kd6 38. f6 Ke6 39. c5 1-0

[Event "C.to Provinciale TP"]
[Site "Erice ITA"]
[Date "2012.01.15"]
[Round "1"]
[White "Cassia, Giuseppe"]
[Black "Cleal, John"]
[Result "0-1"]
[WhiteElo "1541"]
[BlackElo "1924"]
[PlyCount "94"]
[EventDate "2012.01.15"]

1. e4 g6 2. c3 Bg7 3. d4 d6 4. Nf3 Nd7 5. Be3 Ngf6 6. Bc4 O-O 7. O-O Nxe4 8.
Qc2 Nef6 9. Nbd2 c5 10. Rad1 cxd4 11. Bxd4 b6 12. Ne4 Bb7 13. Nxf6+ Nxf6 14.
Bxf6 Bxf6 15. Rfe1 Qd7 16. Ne5 Qc7 17. Nxg6 Qxc4 18. Nxf8 Rxf8 19. Re3 Kh8 20.
Rh3 Qe4 21. Qxe4 Bxe4 22. Re3 Bc6 23. g3 Rg8 24. Kf1 Rg5 25. f4 Rd5 26. Ke1 Kg7
27. b3 h5 28. h4 Kg6 29. a4 Kf5 30. Rxd5+ Bxd5 31. b4 Bc4 32. Kf2 e6 33. Kg2 e5
34. fxe5 dxe5 35. Rf3+ Kg6 36. Kh3 Bg7 37. Re3 f5 38. Kg2 Kf6 39. Re1 Ke6 40.
Kf2 e4 41. Re3 Bh6 42. Re1 Bd2 43. Re3 Ke5 44. Re1 Bxe1+ 45. Kxe1 e3 46. a5
bxa5 47. bxa5 Ke4 0-1

[Event "C.to Provinciale TP"]
[Site "Erice ITA"]
[Date "2012.01.15"]
[Round "1"]
[White "Guirreri, Filippo"]
[Black "Piazza, Dario"]
[Result "0-1"]
[WhiteElo "1442"]
[BlackElo "1817"]
[PlyCount "62"]
[EventDate "2012.01.15"]

1. e4 d6 2. d3 e5 3. Nc3 f5 4. exf5 Bxf5 5. Qh5+ g6 6. Qf3 Nc6 7. Be3 Nf6 8.
Bg5 Be7 9. Bxf6 Bxf6 10. Nge2 O-O 11. Nd5 Be6 12. O-O-O Bg5+ 13. Kb1 Rxf3 14.
gxf3 Bxd5 15. Bg2 Qf8 16. Nc3 Bxf3 17. Bxf3 Qxf3 18. Rhg1 Bh4 19. Nb5 Nd4 20.
Nc3 Qxf2 21. Ka1 Nxc2+ 22. Kb1 Nd4 23. Rgf1 Qc2+ 24. Ka1 Rf8 25. Rxf8+ Kxf8 26.
Rf1+ Kg7 27. Nb1 Qxd3 28. Rc1 Nc2+ 29. Rxc2 Qxc2 30. a3 e4 31. Nc3 Bf6 0-1

[Event "C.to Provinciale TP"]
[Site "Erice ITA"]
[Date "2012.01.15"]
[Round "1"]
[White "Krumbiegel, Michael"]
[Black "Savalla, Salvatore"]
[Result "0-1"]
[WhiteElo "1491"]
[BlackElo "1879"]
[PlyCount "81"]
[EventDate "2012.01.15"]

1. Nf3 Nf6 2. g3 e6 3. Bg2 Nc6 4. O-O Be7 5. d3 O-O 6. c3 d5 7. b3 e5 8. Bg5
Be6 9. Nbd2 Qd7 10. Re1 Rfd8 11. Nf1 h6 12. Bxf6 Bxf6 13. Qc2 Bf5 14. N3d2 Ne7
15. Qb2 Qc6 16. Rac1 Bg5 17. Rc2 Qd7 18. Nf3 Bf6 19. e4 dxe4 20. dxe4 Bh7 21.
N1d2 Nc6 22. Bf1 Qe7 23. Bh3 a6 24. Nc4 b5 25. Ne3 Bxe4 26. Nxe5 Nxe5 27. Rce2
Nf3+ 28. Kf1 Nxh2+ 29. Kg1 Nf3+ 30. Kf1 Nxe1 31. Kxe1 Qc5 32. Nd1 Bf3 33. b4
Rxd1+ 34. Kxd1 Qxc3 35. Qxc3 Bxc3 36. Kc2 Bxe2 37. Kxc3 Rd8 38. Bf5 g5 39. Be4
Kg7 40. Bb7 Rd6 41. Bc8 0-1

[Event "C.to Provinciale TP"]
[Site "Erice ITA"]
[Date "2012.01.15"]
[Round "1"]
[White "Lo Piccolo, Antonino"]
[Black "Mirasolo, Davide"]
[Result "1-0"]
[WhiteElo "1843"]
[BlackElo "1470"]
[PlyCount "103"]
[EventDate "2012.01.15"]

1. d4 d5 2. c4 c6 3. cxd5 cxd5 4. Nc3 Nf6 5. Bf4 a6 6. Nf3 e6 7. e3 Nc6 8. Bd3
Nb4 9. Be2 Nc6 10. O-O Bd7 11. Ne5 Nxe5 12. Bxe5 Be7 13. Rc1 Bc6 14. Bd3 Qd7
15. Qc2 Bd6 16. Bxd6 Qxd6 17. f3 O-O 18. Qf2 Rad8 19. Qh4 h6 20. g4 e5 21. g5
hxg5 22. Qxg5 exd4 23. exd4 Nh7 24. Qh4 Qh6 25. Qxh6 gxh6 26. Kf2 Kh8 27. Rce1
Ng5 28. Bf5 Rfe8 29. h4 Nh7 30. Bc2 Nf6 31. Bb3 Kg7 32. Re5 Re6 33. Rfe1 Rdd6
34. Ne2 Nd7 35. Rxe6 Rxe6 36. Rg1+ Rg6 37. Rxg6+ fxg6 38. Nf4 Nf6 39. Ne6+ Kg8
40. Nd8 g5 41. hxg5 hxg5 42. Nxc6 bxc6 43. Ba4 Kf7 44. Bxc6 Ke6 45. b4 Kd6 46.
Bb7 a5 47. bxa5 Kc7 48. Ba6 Kc6 49. Bd3 Kb7 50. Kg3 Kb8 51. f4 gxf4+ 52. Kxf4
1-0

[Event "C.to Provinciale TP"]
[Site "Erice ITA"]
[Date "2012.01.15"]
[Round "1"]
[White "Maggio, Baldassare"]
[Black "Accardo, Antonino"]
[Result "1-0"]
[WhiteElo "1612"]
[BlackElo "1296"]
[PlyCount "65"]
[EventDate "2012.01.15"]

1. d4 d5 2. c4 e6 3. Bf4 Nc6 4. e3 Nf6 5. a3 a6 6. Nf3 Bd7 7. Nc3 Na5 8. cxd5
exd5 9. Qd2 Bd6 10. Bxd6 cxd6 11. Qc2 Qc7 12. g3 g6 13. Bg2 O-O 14. O-O Bb5 15.
Rfc1 Rfe8 16. Nd2 Bc6 17. Nxd5 Nxd5 18. Bxd5 Bxd5 19. Qxc7 Rac8 20. Qxa5 Be6
21. Rc7 b5 22. Rac1 h5 23. Rxc8 Bxc8 24. Ne4 Bd7 25. Nxd6 Rf8 26. Qxa6 f5 27.
Nxb5 Bxb5 28. Qxb5 Rf7 29. Qe8+ Kg7 30. Rc8 Kh6 31. Qxf7 Kg5 32. Rc6 h4 33.
Qxg6# 1-0

[Event "C.to Provinciale TP"]
[Site "Erice ITA"]
[Date "2012.01.15"]
[Round "1"]
[White "Mancuso, Fabrizio"]
[Black "Maggio, Filippo"]
[Result "1-0"]
[WhiteElo "1636"]
[BlackElo "1347"]
[PlyCount "27"]
[EventDate "2012.01.15"]

1. e4 e5 2. Nf3 Nc6 3. Bc4 Nf6 4. d4 exd4 5. Nxd4 Bc5 6. Nxc6 bxc6 7. Nc3 Qe7
8. O-O Nxe4 9. Nxe4 Qxe4 10. Re1 Qxe1+ 11. Qxe1+ Kd8 12. Bxf7 Rf8 13. Bg5+ Be7
14. Qxe7# 1-0

[Event "C.to Provinciale TP"]
[Site "Erice ITA"]
[Date "2012.01.15"]
[Round "1"]
[White "Marino, Martina"]
[Black "Piazza, Francesco"]
[Result "0-1"]
[WhiteElo "1179"]
[BlackElo "1608"]
[PlyCount "64"]
[EventDate "2012.01.15"]

1. e4 d6 2. Nf3 e5 3. d3 Nf6 4. Be2 c6 5. O-O Bg4 6. h3 Bxf3 7. Bxf3 Be7 8. Nc3
Nbd7 9. Bd2 O-O 10. Bg5 b5 11. Bxf6 Nxf6 12. d4 Qb6 13. Ne2 Rad8 14. c3 a5 15.
d5 cxd5 16. exd5 e4 17. Bg4 Nxg4 18. hxg4 f5 19. g5 Bxg5 20. Nd4 Rf7 21. Ne6
Bf6 22. Nxd8 Qxd8 23. Rc1 Be5 24. Qh5 Rf6 25. Qh4 Qd7 26. Rce1 Rh6 27. Qg5 Bh2+
28. Kh1 Bf4+ 29. Kg1 Bxg5 30. f3 Qa7+ 31. Rf2 Be3 32. Rxe3 Qxe3 0-1

[Event "C.to Provinciale TP"]
[Site "Erice ITA"]
[Date "2012.01.15"]
[Round "1"]
[White "Melograni, Francesco"]
[Black "Guarino, Giuseppe"]
[Result "1-0"]
[WhiteElo "1890"]
[BlackElo "1530"]
[PlyCount "59"]
[EventDate "2012.01.15"]

1. e4 c5 2. Nc3 d6 3. Nf3 Nc6 4. d4 cxd4 5. Nxd4 a6 6. a4 e5 7. Nb3 Nf6 8. Bg5
Be7 9. Be2 Be6 10. O-O O-O 11. Qd2 Qc7 12. Rad1 Rfd8 13. Nd5 Bxd5 14. exd5 Nxd5
15. Bxe7 Ndxe7 16. f4 exf4 17. Qxf4 Ng6 18. Qg3 Nce5 19. Nd4 Qc5 20. Kh1 d5 21.
h4 Nc4 22. b3 Qd6 23. Qf2 Nce5 24. Nf5 Qf6 25. Qg3 Kf8 26. Qc3 Nxh4 27. Qb4+
Kg8 28. Ne7+ Qxe7 29. Qxe7 f6 30. Qxb7 1-0

[Event "C.to Provinciale TP"]
[Site "Erice ITA"]
[Date "2012.01.15"]
[Round "1"]
[White "Messina, Damiano"]
[Black "Savalla, Gianluca"]
[Result "1-0"]
[WhiteElo "1931"]
[BlackElo "1560"]
[PlyCount "63"]
[EventDate "2012.01.15"]

1. c4 e5 2. Nc3 Nf6 3. g3 Be7 4. Bg2 d6 5. d3 Nc6 6. Nf3 O-O 7. O-O Be6 8. Rb1
h6 9. b4 a6 10. h3 Qd7 11. Kh2 d5 12. b5 axb5 13. cxb5 Nb8 14. Nxe5 Qd6 15. d4
Bf5 16. Rb3 c6 17. a4 Nbd7 18. Ba3 Qe6 19. Bxe7 Qxe7 20. bxc6 bxc6 21. Nxc6 Qd6
22. Nxd5 Nxd5 23. Bxd5 Rxa4 24. Rf3 Ra6 25. Rxf5 g6 26. Rf3 Nf6 27. e4 Kh8 28.
Qd2 Kh7 29. Nb4 Ra5 30. Rb1 Rb8 31. Rfb3 Nxd5 32. Nxd5 1-0

[Event "C.to Provinciale TP"]
[Site "Erice ITA"]
[Date "2012.01.15"]
[Round "1"]
[White "Messina, Francesco"]
[Black "Oddo, Salvatore"]
[Result "0-1"]
[WhiteElo "1792"]
[BlackElo "1625"]
[PlyCount "124"]
[EventDate "2012.01.15"]

1. d4 d6 2. c4 Nd7 3. Nf3 e5 4. e3 Be7 5. Nc3 Ngf6 6. dxe5 dxe5 7. Be2 O-O 8.
O-O c6 9. e4 Qc7 10. Bg5 Nc5 11. Bxf6 Bxf6 12. Qc2 Be6 13. Rfd1 Rad8 14. b4 Nd7
15. Qa4 a6 16. b5 cxb5 17. cxb5 Nb6 18. Qa5 Rxd1+ 19. Rxd1 Ra8 20. bxa6 bxa6
21. Na4 Bd8 22. Rxd8+ Qxd8 23. Qxb6 Qxb6 24. Nxb6 Rb8 25. Na4 Rb1+ 26. Bf1 Bxa2
27. Nc3 Ra1 28. Nxa2 Rxa2 29. Nxe5 a5 30. Nxf7 a4 31. Nd6 Ra1 32. Nb5 a3 33.
Nc3 Kf8 34. g3 a2 35. Kg2 Rxf1 36. Nxa2 Ra1 37. Nc3 Ke7 38. Nd5+ Ke6 39. Kf3
Ke5 40. Ne3 Ra3 41. h4 h5 42. Kg2 Kxe4 43. Nc4 Ra7 44. Nd2+ Kf5 45. Nc4 Rc7 46.
Nd6+ Ke5 47. Nb5 Rc5 48. Na3 Ke4 49. Nb1 Kd3 50. Na3 Ke2 51. Nb1 Rc1 52. Na3
Rf1 53. f4 Rf2+ 54. Kh3 Rf3 55. Nc4 Kf2 56. Ne5 Rxg3+ 57. Kh2 Rg2+ 58. Kh3 Rg1
59. Kh2 Rg3 60. Nf7 Rg4 61. Ng5 Rxh4+ 62. Nh3+ Kf3 0-1

[Event "C.to Provinciale TP"]
[Site "Erice ITA"]
[Date "2012.01.15"]
[Round "1"]
[White "Sardo, Riccardo"]
[Black "Morana, Marco"]
[Result "1-0"]
[WhiteElo "1692"]
[BlackElo "1440"]
[PlyCount "35"]
[EventDate "2012.01.15"]

1. d4 d5 2. Bf4 Nc6 3. e3 Nf6 4. Bd3 Bd7 5. Nf3 e6 6. h3 Bd6 7. Ne5 O-O 8. Nd2
h6 9. c4 b6 10. Qf3 Re8 11. Rc1 Ne7 12. Bxh6 gxh6 13. Qxf6 Bxe5 14. dxe5 Nc6
15. Qxh6 Nxe5 16. Qh7+ Kf8 17. Qh8+ Ke7 18. Qxe5 1-0

[Event "C.to Provinciale TP"]
[Site "Erice ITA"]
[Date "2012.01.15"]
[Round "1"]
[White "Seidita, Flavio"]
[Black "Meo, Antonino"]
[Result "0-1"]
[WhiteElo "1395"]
[BlackElo "1659"]
[PlyCount "116"]
[EventDate "2012.01.15"]

1. e4 b6 2. Nf3 Bb7 3. Nc3 e6 4. Bc4 c5 5. d3 Be7 6. Bf4 Nc6 7. Bb5 Nf6 8. Bxc6
Bxc6 9. Ne5 Bb7 10. Qf3 O-O 11. Bg5 d5 12. exd5 exd5 13. Qg3 Nh5 14. Qh3 Bxg5
15. Nd7 Re8+ 16. Kf1 Bc8 17. Qf3 Bxd7 18. Qxh5 Bc6 19. Rg1 Bd2 20. Ne2 Qf6 21.
Rb1 Be3 22. Qf3 Qxf3 23. gxf3 Bh6 24. c4 dxc4 25. dxc4 Bxf3 26. Ng3 Be4 27. Rd1
Bf4 28. Re1 Bd3+ 29. Kg2 Bxg3 30. hxg3 Bxc4 31. Re3 Rxe3 32. fxe3 Bxa2 33. e4
Re8 34. Kf3 f6 35. g4 Bc4 36. Rh1 Bd3 37. Re1 Kf7 38. b3 Bxe4+ 39. Rxe4 Rxe4
40. Kxe4 Ke6 41. Kd3 Ke5 42. Ke3 g6 43. Kf3 h5 44. gxh5 gxh5 45. Kg3 Ke4 46.
Kh4 f5 47. Kxh5 f4 48. Kg4 Ke3 49. Kh3 Ke2 50. Kg2 f3+ 51. Kg1 f2+ 52. Kg2
f1=Q+ 53. Kg3 Qf3+ 54. Kh4 Qg2 55. Kh5 Qg7 56. Kh4 Kf3 57. Kh5 Kf4 58. Kh4 Qg4#
0-1

[Event "C.to Provinciale TP"]
[Site "Erice ITA"]
[Date "2012.01.15"]
[Round "2"]
[White "Accardo, Antonino"]
[Black "Guirreri, Filippo"]
[Result "0-1"]
[WhiteElo "1296"]
[BlackElo "1442"]
[PlyCount "24"]
[EventDate "2012.01.15"]

1. d4 d5 2. e3 Bf5 3. Bb5+ c6 4. Be2 Nf6 5. Nf3 e6 6. O-O Bd6 7. Nh4 Ng4 8. c3
Bxh2+ 9. Kh1 Qxh4 10. Bxg4 Bxg4 11. Qb3 Bd6+ 12. Kg1 Qh2# 0-1

[Event "C.to Provinciale TP"]
[Site "Erice ITA"]
[Date "2012.01.15"]
[Round "2"]
[White "Bertino, Giacomo"]
[Black "Sardo, Riccardo"]
[Result "1-0"]
[WhiteElo "1995"]
[BlackElo "1692"]
[PlyCount "107"]
[EventDate "2012.01.15"]

1. e4 d6 2. d4 g6 3. Nc3 Bg7 4. Bg5 Nd7 5. Qd2 c6 6. Nf3 h6 7. Bh4 Qb6 8. Bc4
Ngf6 9. Bb3 g5 10. Bg3 a5 11. h3 Nh5 12. Bh2 Nf8 13. g4 Nf4 14. Bxf4 gxf4 15.
Na4 Qa7 16. Qxf4 Ne6 17. Bxe6 Bxe6 18. Qe3 Bd7 19. e5 Be6 20. b3 O-O-O 21. c3
Bd5 22. O-O b5 23. Nb2 Qd7 24. c4 Bxf3 25. Qxf3 dxe5 26. cxb5 Qd5 27. Qf5+ Kc7
28. Rac1 Qxb5 29. Qxf7 Bf6 30. Rc5 Rhf8 31. Qh7 Qe2 32. Rc2 Qf3 33. Rfc1 exd4
34. Rxc6+ Qxc6 35. Rxc6+ Kxc6 36. Nd3 Rh8 37. Qf5 Rd5 38. Qe6+ Rd6 39. Qe4+ Rd5
40. Nf4 Rhd8 41. Kg2 e5 42. Nxd5 Rxd5 43. Qg6 Rd6 44. Qd3 Kb6 45. a4 Rd5 46.
Qc4 Rc5 47. Qe6+ Rc6 48. Qd5 Rc5 49. Qd6+ Rc6 50. Qb8+ Kc5 51. Qb5+ Kd6 52.
Qxa5 Kd7 53. Qb5 e4 54. Qd5+ 1-0

[Event "C.to Provinciale TP"]
[Site "Erice ITA"]
[Date "2012.01.15"]
[Round "2"]
[White "Cerami, Giuseppe"]
[Black "Melograni, Francesco"]
[Result "1/2-1/2"]
[WhiteElo "1690"]
[BlackElo "1890"]
[PlyCount "50"]
[EventDate "2012.01.15"]

1. d4 f5 2. c4 Nf6 3. Nc3 e6 4. Nf3 Be7 5. Qc2 d5 6. e3 O-O 7. Bd3 Ne4 8. Qe2
c6 9. Ne5 Qe8 10. Bd2 Nd7 11. f4 Nxe5 12. dxe5 Qg6 13. g3 Bd7 14. Nxe4 dxe4 15.
Bc2 b5 16. cxb5 cxb5 17. b4 Rac8 18. Bb3 Rfd8 19. Kf2 Bf8 20. Rac1 Bc6 21. Rhd1
Qe8 22. Be1 a6 23. Rxd8 Rxd8 24. Rd1 Rd7 25. Rxd7 Qxd7 1/2-1/2

[Event "C.to Provinciale TP"]
[Site "Erice ITA"]
[Date "2012.01.15"]
[Round "2"]
[White "Cleal, John"]
[Black "Calamia, Gianpaolo"]
[Result "1-0"]
[WhiteElo "1924"]
[BlackElo "1688"]
[PlyCount "41"]
[EventDate "2012.01.15"]

1. e4 e6 2. d3 d5 3. Nd2 Nf6 4. Ngf3 dxe4 5. dxe4 Bc5 6. Bd3 Nc6 7. a3 Bd7 8.
O-O O-O 9. Qe2 Ne7 10. e5 Nfd5 11. Ne4 Bb6 12. c4 Ng6 13. cxd5 exd5 14. Ng3 Re8
15. Bxg6 hxg6 16. Qd3 c6 17. Bg5 Qc8 18. Rfe1 Be6 19. Rac1 Qd7 20. Nd4 Rac8 21.
Nxe6 1-0

[Event "C.to Provinciale TP"]
[Site "Erice ITA"]
[Date "2012.01.15"]
[Round "2"]
[White "Maggio, Filippo"]
[Black "Krumbiegel, Michael"]
[Result "0-1"]
[WhiteElo "1347"]
[BlackElo "1491"]
[PlyCount "64"]
[EventDate "2012.01.15"]

1. d4 d5 2. c4 Bf5 3. e3 e6 4. Bd2 Nf6 5. Nf3 Be7 6. Nc3 O-O 7. g3 Re8 8. b3
Bb4 9. Bg2 Bxc3 10. Bxc3 Bg4 11. O-O Ne4 12. Qd3 Bf5 13. Qd1 Nxc3 14. Qd2 Ne4
15. Qb4 b6 16. c5 Nc6 17. Rac1 Nxb4 18. Ne5 Nxa2 19. Ra1 Nec3 20. Rfe1 f6 21.
Nc6 Qd7 22. e4 dxe4 23. f3 Qxc6 24. fxe4 Qd7 25. exf5 Rad8 26. fxe6 Rxe6 27. c6
Qxd4+ 28. Kf1 Rxe1+ 29. Rxe1 Qd3+ 30. Kg1 Ne2+ 31. Kf1 Nxg3+ 32. Kg1 Qd4+ 0-1

[Event "C.to Provinciale TP"]
[Site "Erice ITA"]
[Date "2012.01.15"]
[Round "2"]
[White "Marino, Gabriele"]
[Black "Cassia, Giuseppe"]
[Result "0-1"]
[WhiteElo "1419"]
[BlackElo "1541"]
[PlyCount "50"]
[EventDate "2012.01.15"]

1. e4 c5 2. f4 d6 3. Nf3 Nc6 4. Bb5 Bd7 5. d3 g6 6. d4 cxd4 7. Nxd4 Bg7 8. Be3
Nf6 9. Qf3 Nxd4 10. Bxd4 Bxb5 11. e5 Bc6 12. Qc3 Nd5 13. Qg3 Nb4 14. Qc3 Qa5
15. a3 Nxc2+ 16. Kd2 Qxc3+ 17. Nxc3 Nxa1 18. Rxa1 Rd8 19. Ke3 dxe5 20. Bxa7
exf4+ 21. Kxf4 O-O 22. Bc5 Rfe8 23. Bb6 e5+ 24. Kg5 h6+ 25. Kh4 Bf6+ 0-1

[Event "C.to Provinciale TP"]
[Site "Erice ITA"]
[Date "2012.01.15"]
[Round "2"]
[White "Meo, Antonino"]
[Black "Lo Piccolo, Antonino"]
[Result "0-1"]
[WhiteElo "1659"]
[BlackElo "1843"]
[PlyCount "50"]
[EventDate "2012.01.15"]

1. e4 c6 2. d4 d5 3. e5 Bf5 4. g4 Bd7 5. Nd2 e6 6. f4 Qh4+ 7. Ke2 Qxg4+ 8. Ndf3
c5 9. c3 cxd4 10. cxd4 Nc6 11. Bh3 Qh5 12. Be3 Nh6 13. a3 Nf5 14. Bxf5 Qxf5 15.
Qd3 Qxd3+ 16. Kxd3 Na5 17. Bd2 Nb3 18. Rd1 Rc8 19. Ne2 Bb5+ 20. Ke3 Rc2 21. Nc3
Ba6 22. Rb1 Nxd2 23. Nxd2 Bxa3 24. Na4 Bb4 25. Rhd1 O-O 0-1

[Event "C.to Provinciale TP"]
[Site "Erice ITA"]
[Date "2012.01.15"]
[Round "2"]
[White "Monaco, Alessandro"]
[Black "Messina, Damiano"]
[Result "0-1"]
[WhiteElo "1707"]
[BlackElo "1931"]
[PlyCount "140"]
[EventDate "2012.01.15"]

1. e4 e6 2. d3 d5 3. Nd2 Nf6 4. Ngf3 Be7 5. g3 dxe4 6. dxe4 O-O 7. Bg2 Nc6 8.
c3 e5 9. O-O Rb8 10. h3 h6 11. Qe2 Be6 12. Rd1 Qc8 13. Kh2 b5 14. b3 Nd7 15.
Bb2 Qa6 16. a4 Qb6 17. axb5 Qxb5 18. Qxb5 Rxb5 19. Bf1 Rb7 20. b4 f6 21. Nc4
Nb6 22. Nfd2 Rd8 23. Ba3 Nxc4 24. Bxc4 Bxc4 25. Nxc4 Rxd1 26. Rxd1 Kf7 27. Bc1
Ke8 28. Rd5 a6 29. Na5 Nxa5 30. Rxa5 Rb6 31. Be3 Rc6 32. Ra3 a5 33. Rxa5 Rxc3
34. Rb5 Rb3 35. Bc5 Bxc5 36. Rxc5 Kd7 37. Rc4 g6 38. Kg2 h5 39. f3 Rb2+ 40. Kg1
g5 41. g4 h4 42. Kh1 Kd6 43. Kg1 c6 44. Kh1 Kc7 45. Kg1 Kb6 46. Rc1 Rxb4 47.
Rd1 Rd4 48. Rb1+ Kc5 49. Rc1+ Rc4 50. Rd1 Rd4 51. Rc1+ Kd6 52. Ra1 Rd2 53. Ra5
c5 54. Ra6+ Ke7 55. Kf1 Rd6 56. Ra7+ Rd7 57. Ra6 Rd6 58. Ra7+ Rd7 59. Ra6 Rc7
60. Ke2 c4 61. Kd2 Rd7+ 62. Kc3 Rd3+ 63. Kxc4 Rxf3 64. Ra7+ Ke6 65. Ra6+ Kf7
66. Ra7+ Kg6 67. Kd5 Rxh3 68. Ra8 Rb3 69. Kc4 Rb7 70. Ra3 Rd7 0-1

[Event "C.to Provinciale TP"]
[Site "Erice ITA"]
[Date "2012.01.15"]
[Round "2"]
[White "Morana, Marco"]
[Black "Arini, Mario"]
[Result "1-0"]
[WhiteElo "1440"]
[BlackElo "1567"]
[PlyCount "105"]
[EventDate "2012.01.15"]

1. e4 c5 2. Nc3 Nc6 3. Nf3 e6 4. Bc4 a6 5. a3 Qc7 6. d3 Be7 7. O-O Nf6 8. Re1
d6 9. Be3 O-O 10. Qd2 e5 11. h3 Nd4 12. Bxd4 cxd4 13. Nd5 Nxd5 14. Bxd5 Bd7 15.
Rac1 Rab8 16. c3 dxc3 17. Rxc3 Qb6 18. Rec1 h6 19. Rc7 Rfd8 20. Qb4 Qxb4 21.
axb4 b5 22. Bc6 Bxc6 23. R1xc6 Kf8 24. Rxa6 f6 25. Raa7 Re8 26. Nd2 Rbc8 27.
Nb1 Rxc7 28. Rxc7 Rb8 29. Nc3 Ra8 30. Nd5 Re8 31. Rb7 h5 32. Kh2 h4 33. g3
hxg3+ 34. Kxg3 Bd8 35. Rd7 Be7 36. Nxe7 Rxe7 37. Rxd6 Kf7 38. Kg4 Kg6 39. Rd5
Rc7 40. Rxb5 Rc2 41. Kg3 Rxb2 42. Kf3 Rb3 43. Ke3 Kh5 44. Rb6 Kg6 45. Kd2 Rb1
46. Kc3 Rh1 47. Ra6 Rxh3 48. Ra1 Rh8 49. Rb1 Rc8+ 50. Kd2 Kf7 51. Ke2 Ke7 52.
Kf3 Kd6 53. Kg4 1-0

[Event "C.to Provinciale TP"]
[Site "Erice ITA"]
[Date "2012.01.15"]
[Round "2"]
[White "Oddo, Salvatore"]
[Black "Savalla, Pietro"]
[Result "1-0"]
[WhiteElo "1625"]
[BlackElo "1806"]
[PlyCount "139"]
[EventDate "2012.01.15"]

1. Nf3 Nf6 2. g3 d5 3. d3 Nbd7 4. Nbd2 e5 5. e4 dxe4 6. dxe4 Bc5 7. Bg2 O-O 8.
O-O c6 9. c3 Qc7 10. a4 Rd8 11. b4 Be7 12. Qb3 Nf8 13. Ng5 Ne6 14. Nxe6 Bxe6
15. Qc2 a5 16. Ba3 Nd7 17. Rfb1 Rab8 18. Bf1 Nf6 19. Bc4 Rxd2 20. Qxd2 Bxc4 21.
f3 Rd8 22. Qf2 b5 23. axb5 cxb5 24. bxa5 Bxa3 25. Rxa3 Nd7 26. Rd1 Nc5 27.
Rxd8+ Qxd8 28. Ra1 Nb3 29. Qb6 Qxb6+ 30. axb6 Nxa1 31. b7 h6 32. b8=Q+ Kh7 33.
Qxe5 Nb3 34. f4 Nc1 35. Qf5+ Kg8 36. Qe5 Nd3 37. Qe8+ Kh7 38. e5 Nc1 39. f5
Ne2+ 40. Kf2 Nxc3 41. Qc6 Nd5 42. e6 fxe6 43. fxe6 Nf6 44. e7 Bf7 45. Qxb5 Be8
46. Qb3 Bg6 47. h3 Ne4+ 48. Kg1 Nf6 49. Qe6 Ne8 50. Kf2 Nc7 51. Qc6 Ne8 52. g4
Nf6 53. Ke3 Be8 54. Qd6 Bf7 55. Kf4 Ne8 56. Qc6 Nf6 57. h4 Ne8 58. g5 h5 59.
Kf5 g6+ 60. Ke5 Kg7 61. Qf3 Kg8 62. Kd4 Ng7 63. Kc5 Ne8 64. Kc6 Ng7 65. Kd6 Be8
66. Qf8+ Kh7 67. Qf6 Ba4 68. Ke5 Be8 69. Qf8 Ba4 70. Kf6 1-0

[Event "C.to Provinciale TP"]
[Site "Erice ITA"]
[Date "2012.01.15"]
[Round "2"]
[White "Piazza, Dario"]
[Black "Maggio, Baldassare"]
[Result "1-0"]
[WhiteElo "1817"]
[BlackElo "1612"]
[PlyCount "93"]
[EventDate "2012.01.15"]

1. e4 e6 2. d4 d5 3. Nc3 c5 4. dxc5 d4 5. Nb5 Bxc5 6. Nf3 Nc6 7. Bf4 Bb6 8.
Nd6+ Ke7 9. a3 e5 10. Nxc8+ Qxc8 11. Nxe5 Nf6 12. Bd3 Bc7 13. Nxc6+ bxc6 14.
Bxc7 Qxc7 15. O-O Rhe8 16. e5 Nd5 17. Qh5 h6 18. Qh4+ Kf8 19. Qxd4 Qxe5 20.
Qxe5 Rxe5 21. g3 c5 22. f4 Re7 23. Rfe1 Rae8 24. Rxe7 Rxe7 25. Kf2 Ne3 26. Kf3
c4 27. Be4 f5 28. Kxe3 Rxe4+ 29. Kd2 Ke7 30. b3 Kf6 31. bxc4 Rxc4 32. Kd3 Rc7
33. c4 Ke6 34. Re1+ Kd7 35. Kd4 Rb7 36. Re5 g6 37. Rb5 Rxb5 38. cxb5 Kd6 39. h4
h5 40. a4 Ke6 41. Kc5 Kd7 42. a5 Kc8 43. Kd6 Kd8 44. Ke6 Kc7 45. Kf6 Kd6 46.
Kxg6 Kc5 47. b6 1-0

[Event "C.to Provinciale TP"]
[Site "Erice ITA"]
[Date "2012.01.15"]
[Round "2"]
[White "Piazza, Francesco"]
[Black "Gigante, Giovanni"]
[Result "1/2-1/2"]
[WhiteElo "1608"]
[BlackElo "1873"]
[PlyCount "49"]
[EventDate "2012.01.15"]

1. d4 Nf6 2. Nf3 d6 3. Nbd2 e5 4. dxe5 dxe5 5. Nxe5 Bd6 6. Nef3 O-O 7. g3 Re8
8. Bg2 c6 9. O-O Be6 10. e4 Bg4 11. Re1 Na6 12. Nc4 Nxe4 13. Nxd6 Nxd6 14. Bf4
Nf5 15. c3 Ne7 16. Qc2 Ng6 17. Rxe8+ Qxe8 18. Re1 Qd8 19. Rd1 Qa5 20. b4 Qh5
21. Qe4 Nxf4 22. Qxf4 Re8 23. Rd4 Bxf3 24. Bxf3 Qh3 25. Re4 1/2-1/2

[Event "C.to Provinciale TP"]
[Site "Erice ITA"]
[Date "2012.01.15"]
[Round "2"]
[White "Savalla, Salvatore"]
[Black "Mancuso, Fabrizio"]
[Result "0-1"]
[WhiteElo "1879"]
[BlackElo "1636"]
[PlyCount "86"]
[EventDate "2012.01.15"]

1. d4 b6 2. Nf3 Bb7 3. e3 d6 4. Bd3 g6 5. O-O Bg7 6. c3 Nf6 7. Nbd2 Nbd7 8. Re1
O-O 9. e4 e5 10. Nb3 h6 11. Nbd2 Re8 12. dxe5 Nxe5 13. Nxe5 Rxe5 14. f4 Re7 15.
Qc2 Qe8 16. b3 Nd7 17. b4 Rc8 18. Bb2 c5 19. b5 Nf6 20. Re3 d5 21. e5 d4 22.
Ree1 dxc3 23. Bxc3 Nd5 24. Nc4 Rd8 25. Rab1 Nxf4 26. Be4 Bxe4 27. Rxe4 Nd5 28.
Ba1 Nb4 29. Qa4 Nd3 30. Rd1 Nb4 31. Rde1 Rd5 32. a3 Nd3 33. Rd1 Rd8 34. Nd6
Rxd6 35. Re3 Rd5 36. Rexd3 Rxd3 37. Rxd3 Bxe5 38. Bxe5 Rxe5 39. g3 Re1+ 40. Kg2
Qe2+ 41. Kh3 Qxd3 42. Qxa7 Qf1+ 43. Kg4 Re4# 0-1